A code that lacks strength (Record no. 79159)
[ view plain ]
| 000 -LEADER | |
|---|---|
| fixed length control field | 01108cab a22002055a 4500 |
| 001 - CONTROL NUMBER | |
| control field | L140013 |
| 008 - FIXED-LENGTH DATA ELEMENTS--GENERAL INFORMATION | |
| fixed length control field | 070829e20070817xxk f 000 0 eng d |
| 035 ## - SYSTEM CONTROL NUMBER | |
| System control number | (Sirsi) u140013 |
| 041 0# - LANGUAGE CODE | |
| Language code of text/sound track or separate title | eng |
| 100 1# - MAIN ENTRY--PERSONAL NAME | |
| Personal name | Martin, John |
| 245 02 - TITLE STATEMENT | |
| Title | A code that lacks strength |
| 260 ## - PUBLICATION, DISTRIBUTION, ETC. | |
| Date of publication, distribution, etc. | 2007 |
| 490 #0 - SERIES STATEMENT | |
| Series statement | Solicitors' Journal |
| Volume/sequential designation | 151(32) 17 August 2007, 1080-1081(2) |
| 520 ## - SUMMARY, ETC. | |
| Summary, etc. | Discusses the limitations of the landlord code in "The code for leasing business premises in England and Wales 2007" (L137317). Notes that landlords who are members of the Commercial Landlords Accreditation Scheme will be able to opt out of specific requirements of the landlord code. Outlines some of the requirements that landlords may seek to avoid and concludes that a particular concern will be the impact on an investment sale to a purchaser who does not subscribe in full to the landlord code. |
| 590 ## - LOCAL NOTE (RLIN) | |
| Local note | KA |
| 650 24 - SUBJECT ADDED ENTRY--TOPICAL TERM | |
| Topical term or geographic name entry element | CODE FOR LEASING BUSINESS PREMISES IN ENGLAND AND WALES |
| 651 #4 - SUBJECT ADDED ENTRY--GEOGRAPHIC NAME | |
| Geographic name | England and Wales |
| Chronological subdivision | 1543- |
| 690 ## - LOCAL SUBJECT ADDED ENTRY--TOPICAL TERM (OCLC, RLIN) | |
| Topical term or geographic name as entry element | PROPERTY-COMMERCIAL PROPERTY-COMMERCIAL LANDLORD AND TENANT-COMMERCIAL LEASES |
| 942 ## - ADDED ENTRY ELEMENTS (KOHA) | |
| Suppress in OPAC | 0 |
| Withdrawn status | Lost status | Source of classification or shelving scheme | Damaged status | Not for loan | Home library | Current library | Shelving location | Date acquired | Total Checkouts | Full call number | Barcode | Date last seen | Copy number | Price effective from | Koha item type |
|---|---|---|---|---|---|---|---|---|---|---|---|---|---|---|---|
| Dewey Decimal Classification | London | London | Journal article | 29/08/2007 | L140013 | 140013-1001 | 06/08/2019 | 1 | 06/08/2019 | Journal article |